| 000 | 00866pam a2200277 i 4500 | ||
|---|---|---|---|
| 001 | 5152 | ||
| 003 | BD-RjUL | ||
| 005 | 20211208234023.0 | ||
| 008 | 131224s1980 njua b 001 0 eng d | ||
| 020 | _a0137379811 : | ||
| 035 | _a(BD-RjUL)5188 | ||
| 040 |
_aDLC _cDLC _dDLC _dDLC _beng |
||
| 041 | _aeng | ||
| 082 | 0 | 0 |
_a350.1 _bKLP 1980 |
| 100 | 1 |
_aKlingner, Donald E. _916233 |
|
| 245 | 1 | 0 |
_aPublic personnel management : _bcontexts and strategies / _cby Donald E. Klingner. |
| 260 |
_aEnglewood Cliffs, N.J. : _bPrentice-Hall, _cc1980. |
||
| 300 |
_axii, 480 p. : _bill. ; _c24 cm. |
||
| 504 | _aIncludes bibliographical references and index. | ||
| 650 | 0 |
_aCivil service _xPersonnel management. _916234 |
|
| 650 | 0 |
_aPersonnel management. _916235 |
|
| 650 | 0 |
_aPublic administration. _95890 |
|
| 942 |
_2ddc _cBK |
||
| 999 |
_c5152 _d5152 |
||